000 00213nam a22000857a 4500
008 160908b xxu||||| |||| 00| 0 eng d
100 _9328
_aGoscinny R
245 _aThe class act
260 _aUSA
_bOrion publication
_c2004
999 _c2988
_d2988